000 00527nam a2200157 4500
008 161007b xxu||||| |||| 00| 0 eng d
022 _a0893-8989
082 _aDPer 363.205 P75 Aug 2014- Apr 2015 v. 38-39
100 _915852
_aGriffith, David
245 _aCan police stop killing dogs/
_cDavid Griffith.
260 _aCalifornia:
_bBobit Business Media,
_cc2014-2015.
300 _av38 n10, pages 84-93;
_c28 cm.
500 _aPolice: The Law Enforcement Magazine.
650 0 _915853
_aAnimal welfare
942 _2ddc
_cPER
999 _c5078
_d5078